00988 2200325 4500001002100000005001500021035002000036007000300056008004100059020002200100040002200122082001400144084001600158090002000174090002100194100003700215245011300252250003200365300003500397650001600432700003400448850001200482041000800494504003300502264003200535336002100567337003000588338002300618990002100641INLIS00000000084867920190624094622 a0010-0619000634ta190624s2019 yoia g ind d a978-602-0770-57-4 aYOPDYOGbinderda04223a158.1 a158.1 IPN a aDEP 158.1 IPN a aCB-D.11 2019-6390 aIpnu R Noegroho,d1982-ePenulis10aAku harus bahagia :bberlapang jiwa berbesar hati /cpenulis, Ipnu R Noegroho; penyunting, AR. Shohibul Ulum aCetakan pertama, Maret 2019 a308 halaman :bgrafik ;c20 cm 4aKebahagiaan1 aShohibul Ulum, ARepenyunting aYOPDYOG0 aind aBibliografi: halaman 304-30634aYogyakarta :bMueeza,c2019 2rdacontentateks 2rdamediaatanpa perantara 2rdacarrieravolume aCB-D.11/2019-639